01377nam a2200217 u 4500001001000000003000900010005001700019007000300036008004100039040002500080082002300105110009200128245011200220260009100332300005100423500002100474505051700495610010301012700001801115700002601133000003038DO-SdBNP20240304104226.0ta090706s2004 dr bcd r 000 0 spa d aDO-SdBNPbspacBNPHU 4a333.716bR426m2221 aRepública Dominicana.b Secretaría de Estado de Medio Ambiente y Recursos Naturales00aMemoria y rendición de cuentas 2000 - 2004 /crecopilación de datos Olga Luciano, Margarita Marmolejos. aSanto Domingo :bSecretaría de Estado de Medio Ambiente y Recursos Naturales,c2004. a188 p. :bmapa, retratos, gráficos ;c27 cm. aIncluye índice0 aReordenamiento y desarrollo institucional -- Marco normativo y regulatorio de la gestión ambiental -- Valorización de las areas protegidas y conservación de la biodiversidad -- Reorganización del sector forestal : hacia una política forestal nacional -- Protección y conservación de las aguas y los recursos costeros y marinos -- Sistema nacional de información. Gestión ambiental municipal -- Educación ambiental -- La República Dominicana en los acuerdos multilaterales de medio ambiente.14aRepública Dominicana.b Secretaría de Estado de Medio Ambiente y Recursos Naturalesy2000-20041 aLuciano, Olga1 aMarmolejos, Margarita